Mother earth : (Record no. 42953)

MARC details
000 -LEADER
fixed length control field 00721nam a22002057a 4500
005 - DATE AND TIME OF LATEST TRANSACTION
control field 2010082304464.0
010 ## - LCCN (DPL NO)
LC control number ENG-101269
020 ## - INTERNATIONAL STANDARD BOOK NUMBER
Terms of availability 300.00
035 ## - SYSTEM CONTROL NUMBER
System control number 84802
037 ## - SOURCE OF ACQUISITION
Source of stock number/acquisition DBAD/PUB
082 ## - DEWEY DECIMAL CLASSIFICATION NUMBER
Classification number 363.7
100 ## - MAIN ENTRY--PERSONAL NAME
Personal name Mishra, Rama Kant
245 ## - TITLE STATEMENT
Title Mother earth :
Remainder of title problems of protection global enviroment /
Statement of responsibility, etc by Rama Kant Mishra
260 ## - PUBLICATION, DISTRIBUTION, ETC. (IMPRINT)
Place of publication, distribution, etc Orissa
Name of publisher, distributor, etc Dakshyeshwar Memorial Foundation
Date of publication, distribution, etc 2005
270 ## - ADDRESS
Address Athmallik (Mallapur)
City Orissa
300 ## - PHYSICAL DESCRIPTION
Extent 230p.
Dimensions 24cm (pbk)
Accompanying material photos
500 ## - GENERAL NOTE
General note Includes index
942 ## - ADDED ENTRY ELEMENTS (KOHA)
Source of classification or shelving scheme Dewey Decimal Classification
Item type English Books
Classification part 363.7
Call number suffix MIS
Holdings
Withdrawn status Lost status Not for loan Collection code Home library Current library Date acquired Source of acquisition Cost, normal purchase price Full call number Barcode Copy number Cost, replacement price Koha item type
    Not For Loan Non-fiction D.B.Act.Division D.B.Act.Division 23/08/2010 DBAD/PUB 300.00 363.9 MIS EN-84802 1 300.00 English Books

© Delhi Public Library
Hit Counter
free hit counter